Proč a jak zlepšovat jakost?
Podstata zlepšovania akosti. Úloha vrcholového vedenia pri zlepšovaní akosti. Postup (algoritmus) zlepšovania akosti. Nástroje zlepšovania akosti. Účinky zlepšovania akosti.
Guardado en:
| Autor principal: | |
|---|---|
| Formato: | Capítulo de libro |
| Lenguaje: | checo |
| Materias: | |
| Etiquetas: |
Sin Etiquetas, Sea el primero en etiquetar este registro!
|
MARC
| LEADER | 00000naa a2200000 4500 | ||
|---|---|---|---|
| 001 | r016647 | ||
| 005 | 20221205090653.6 | ||
| 041 | 0 | |a cze | |
| 044 | |a CZ | ||
| 245 | 1 | 0 | |a Proč a jak zlepšovat jakost? |c J. Nenadál |
| 520 | |a Podstata zlepšovania akosti. Úloha vrcholového vedenia pri zlepšovaní akosti. Postup (algoritmus) zlepšovania akosti. Nástroje zlepšovania akosti. Účinky zlepšovania akosti. | ||
| 610 | 2 | 0 | |a kvalita |
| 610 | 2 | 0 | |a riadenie kvality |
| 610 | 2 | 0 | |a kvalita výrobkov |
| 610 | 2 | 0 | |a kvalita práce |
| 610 | 2 | 0 | |a podnik |
| 610 | 2 | 0 | |a manažment |
| 610 | 2 | 0 | |a algoritmy |
| 610 | 2 | 0 | |a projekty |
| 100 | 1 | |a Nenadál, Jaroslav | |